000
00238nam a22001097a 4500
082
_a
823
_b
UNK/M
100
_a
UNKNOWN
245
_a
MORAL STORY BOOK
260
_a
MADURAI
_b
SRIRAM PUBLICATIONS
650
_a
ENGLISH STORY
_z
INDIA
942
_c
BK
999
_c
7514
_d
7514